Music Quiz

Random Music or Album Quiz

Band by Greatest Hits Album Cover Quiz Stats

 Plays Quiz Updated Mar 21, 2015

Challenge
Share
Tweet
Score 0/25 Timer 06:00
5 Plays Today
% Correct
The Rolling Stones - Forty Licks
96.2%
Bob Marley & The Wailers - Legend
95%
Elton John - Greatest Hits 1970-2002
91.5%
The Jimi Hendrix Experience - Smash Hits
87.6%
Bruce Springsteen - Greatest Hits
87.1%
Michael Jackson - HIStory: Past, Present and Future - Book I
83.3%
Led Zeppelin - Greatest Hits
80.9%
Bob Dylan - Bob Dylan's Greatest Hits
73.1%
Queen - Greatest Hits
70.6%
Ramones - Greatest Hits
68.4%
The Mamas & The Papas - Hits of Gold
64.5%
Frank Zappa - Strictly Commercial
62.5%
Marvin Gaye - The Very Best of Marvin Gaye
60.9%
% Correct
Creedence Clearwater Revival - Chronicle: The 20 Greatest Hits
54.3%
Grateful Dead - Skeletons from the Closet
52.9%
Eagles - Their Greatest Hits
52.9%
Madonna - The Immaculate Collection
51.8%
The Fugees - Greatest Hits
51.4%
Aerosmith - Big Ones
42.3%
Jefferson Airplane - The Essential Jefferson Airplane
42%
The Who - Meaty Beaty Big and Bouncy
41%
Pink Floyd - Echoes
40.9%
The Cure - Greatest Hits
37.3%
Rush - The Spirit of Radio
36.6%
Van Halen - The Best of Both Worlds
35.2%

You're not logged in!

Compare scores with friends on all Sporcle quizzes.
Join for Free
OR
Log In

You Might Also Like...

Show Comments

Extras

Top Quizzes Today


Score Distribution

Your Account Isn't Verified!

In order to create a playlist on Sporcle, you need to verify the email address you used during registration. Go to your Sporcle Settings to finish the process.

Report this User

Report this user for behavior that violates our Community Guidelines.

Details: